000 00945nam a22003257a 4500
001 BR7600004
003 BR-BrBNA
005 20230928084853.0
007 ta
008 230509b bl.||||| |||| 00| 0 por d
040 _aBR-BrBNA
_bpor
_cBiblioteca Nacional de Agricultura
041 _a(Por)
072 _aE70; E10
_b9702
_b/G514
090 _ 9702 BR7600004
100 1 _aBarros, A.A.A. de
110 1 _aUniversidade Federal de Vicosa, MG (Brasil)
_0Tese (Magister Scientiae)
245 1 _aElasticidade-renda de qualidade de dispendio e de demanda de carne bovina - Sao Luis - Maranhao [Brasil]
260 3 _aVicosa, MG (Brasil):
_c1975.
300 _a76 p.
500 _a13 ref.; 26 tables; Summary (Por)
650 _aComercializacao
650 _aCarne
650 _aBovino
650 _aDemanda
650 _aRenda
650 _aSao Luis
650 _aMaranhao
909 _a202309
_bLucia
_c55
_dLucia Elande
942 _cBK
999 _c21588
_d21588